| 000 | 00621nam a2200229 a 4500 | ||
|---|---|---|---|
| 001 | 24446 | ||
| 003 | CO-ViMGA | ||
| 008 | 141112s2004 ck r 000 u spa d | ||
| 020 | _a9789586539098 | ||
| 040 |
_aCO-ViMGA _bspa _cCO-ViMGA |
||
| 041 | _aSPA | ||
| 082 | 0 | 4 | _a338.642 G83 |
| 245 | 1 | 0 | _aGuía Legis para la pequeña empresa |
| 250 | _a16a ed. | ||
| 260 |
_aBogotá : _bLegis, _c2011 |
||
| 300 | _a274 p. | ||
| 650 | 1 | 4 |
_aLEGISLACION TRIBUTARIA _936156 |
| 650 | 1 | 4 | _aMICROEMPRESAS - ADMINISTRACION |
| 650 | 1 | 4 |
_aMICROEMPRESAS - GUIAS _936157 |
| 650 | 1 | 4 |
_aMICROEMPRESAS - LEGISLACION _936158 |
| 942 |
_2ddc _cBK |
||
| 999 |
_c2171 _d2171 |
||